000 00823nam a2200253 a 4500
001 C01163763c-6
003 CO-ViMGA
005 20230915233138.0
008 080826s2008 sp ab gr 0001fdspa d
020 _a9788466637688
040 _aCO-ViMGA
_bspa
_cCO-ViMGA
043 _ae-sp---
_ae-it---
082 0 4 _a863.6 P677l
_219
100 1 _aPosteguillo, Santiago,
_d1967-
_94003
245 1 4 _aLas legiones malditas /
_cSantiago Posteguillo.
260 3 _aBarcelona :
_bEdiciones B, Grupo Zeta,
_c2008.
300 _a855 p. :
_bil., mapas ;
_c23 cm.
504 _aIncluye bibliografía.
600 1 6 _aScipio, Africanus,
_dca. 236-183 A. C.
_94009
650 1 4 _aNovela española.
_9801
651 _aRoma
_x Historia
_v Novela.
_94007
651 _aRoma
_x Vida social y costumbres
_v Novela.
_94008
942 _2ddc
_cBK
999 _c32044
_d32044